[Event "DM Hurtigskak Kvinder 2012"]
[Site "Middelfart"]
[Date "2012.09.29"]
[Round "6"]
[White "Dalsberg, Sandra de Blecourt"]
[Black "Greeuw, Sietske"]
[Result "0-1"]
[WhiteElo "2039"]
[BlackElo "1940"]
[PlyCount "89"]
[EventDate "2012.??.??"]

1. d4 Nf6 2. c4 c5 3. d5 b5 4. cxb5 a6 5. b6 Qxb6 6. Nc3 d6 7. Nf3 Bf5 8. Nd2
Qa5 9. f3 g6 10. e4 Bd7 11. Nc4 Qc7 12. a4 a5 13. Be2 Bg7 14. Be3 Na6 15. O-O
O-O 16. Qd2 Nb4 17. h3 Nh5 18. Kh2 f5 19. f4 Nf6 20. e5 Ne4 21. Nxe4 fxe4 22.
e6 Bc8 23. g4 Bb7 24. f5 Nxd5 25. Bh6 e3 26. Nxe3 Be5+ 27. Kg1 Nxe3 28. Bxe3 d5
29. Bf4 Bxf4 30. Rxf4 g5 31. Rf3 h6 32. h4 d4 33. Rh3 Qf4 34. Qc2 Rac8 35. Rf1
Qe5 36. hxg5 c4 37. Qd2 c3 38. bxc3 dxc3 39. Qc2 Qd4+ 40. Rf2 Be4 41. Bd3 Bxd3
42. Rxd3 Qxg4+ 43. Rg2 Qxf5 44. gxh6+ Kh8 45. Qe2 0-1

[Event "DM Hurtigskak Kvinder 2012"]
[Site "Middelfart"]
[Date "2012.09.29"]
[Round "6"]
[White "Vangsgaard, Freja"]
[Black "Guindy, Esmat"]
[Result "0-1"]
[WhiteElo "1572"]
[BlackElo "2083"]
[PlyCount "94"]
[EventDate "2012.??.??"]

1. Nf3 d5 2. g3 c5 3. d3 Nf6 4. Bg2 Nc6 5. O-O e6 6. Nbd2 Be7 7. Re1 b6 8. e4
Qc7 9. a3 Bb7 10. c3 O-O-O 11. Qc2 dxe4 12. Nxe4 Nxe4 13. dxe4 h6 14. Bf4 e5
15. Be3 g5 16. b4 Nb8 17. Nd2 Ba6 18. Qa4 g4 19. b5 Bb7 20. Qb3 Bg5 21. Nc4 Nd7
22. Rad1 Nf6 23. Bxg5 hxg5 24. Rxd8+ Rxd8 25. Qc2 Qe7 26. Rd1 Rxd1+ 27. Qxd1
Kc7 28. Ne3 Qd7 29. Nd5+ Bxd5 30. exd5 Qxb5 31. Bf1 Qb2 32. Qa4 Nxd5 33. Qxa7+
Kd6 34. Qxf7 Qxc3 35. Bb5 Qe1+ 36. Kg2 Qe4+ 37. Kg1 Qb1+ 38. Bf1 c4 39. Qf8+
Kc6 40. Qc8+ Nc7 41. Qxg4 e4 42. Qxg5 Kb7 43. Qg8 c3 44. Qc4 c2 45. Qxe4+ Kb8
46. Kg2 c1=Q 47. Bd3 Qh1+ 0-1

[Event "DM Hurtigskak Kvinder 2012"]
[Site "Middelfart"]
[Date "2012.09.29"]
[Round "6"]
[White "Vovk, Oksana"]
[Black "Lund, Kirsten"]
[Result "1-0"]
[WhiteElo "2136"]
[BlackElo "1043"]
[PlyCount "55"]
[EventDate "2012.??.??"]

1. d4 d5 2. c4 e6 3. Nc3 Bb4 4. Nf3 Nc6 5. Bg5 Nf6 6. e3 O-O 7. Bd3 h6 8. Bh4
Be7 9. O-O Ne4 10. Bxe7 Qxe7 11. Nxe4 dxe4 12. Bxe4 Bd7 13. Qb3 Rab8 14. Rac1
Na5 15. Qc3 b6 16. Ne5 Rfd8 17. Bb1 c5 18. Qd3 g6 19. dxc5 Bc6 20. Nxc6 Nxc6
21. Qe4 Qxc5 22. Rfd1 h5 23. b3 Ne5 24. Qh4 Qc7 25. Qf4 f6 26. Qxf6 Rf8 27.
Qxe6+ Nf7 28. Qxg6+ 1-0

[Event "DM Hurtigskak Kvinder 2012"]
[Site "Middelfart"]
[Date "2012.09.29"]
[Round "6"]
[White "Fredericia, Louise Winther"]
[Black "Nilssen, Ellen Fredericia"]
[Result "1/2-1/2"]
[WhiteElo "2075"]
[BlackElo "1196"]
[PlyCount "51"]
[EventDate "2012.??.??"]

1. e4 e6 2. d3 d5 3. Nd2 dxe4 4. dxe4 Nd7 5. g3 b6 6. Bg2 Bb7 7. Ngf3 Be7 8.
O-O Ngf6 9. Re1 e5 10. a3 O-O 11. b4 c5 12. b5 Qc7 13. Qe2 Rfe8 14. Bb2 Rad8
15. Rad1 h6 16. Qc4 Nf8 17. Nxe5 Ne6 18. Nb3 Rxd1 19. Rxd1 Rd8 20. Rxd8+ Qxd8
21. Qd3 Qa8 22. f3 Qc8 23. Nd2 a6 24. a4 axb5 25. axb5 Qe8 26. Ndc4 1/2-1/2

[Event "DM Hurtigskak Kvinder 2012"]
[Site "Middelfart"]
[Date "2012.09.29"]
[Round "6"]
[White "Morling, Aase"]
[Black "Nicolajsen, Thea"]
[Result "0-1"]
[WhiteElo "1305"]
[BlackElo "1718"]
[PlyCount "134"]
[EventDate "2012.??.??"]

1. e4 c6 2. d4 d5 3. exd5 cxd5 4. c4 e6 5. Nc3 Nf6 6. cxd5 Nxd5 7. Nxd5 exd5 8.
Nf3 Bg4 9. h3 Bb4+ 10. Bd2 Bxd2+ 11. Qxd2 Bxf3 12. gxf3 Qe7+ 13. Qe2 Qxe2+ 14.
Bxe2 Nc6 15. Bb5 Kd7 16. Kd2 Rac8 17. Rac1 Kd6 18. Bxc6 Rxc6 19. Rc3 Re8 20.
Re1 Rxc3 21. bxc3 Rc8 22. Kd3 Rc6 23. Rc1 b5 24. a3 Ra6 25. Ra1 Ra4 26. Ra2 Ke6
27. Ke3 Kf5 28. f4 Rc4 29. Rc2 Rc6 30. f3 Re6+ 31. Kd3 Kxf4 32. Rb2 a6 33. Rg2
g6 34. Rg4+ Kxf3 35. Rg5 f5 36. h4 Re3+ 37. Kc2 Re2+ 38. Kb3 Rh2 39. Kb4 Ra2
40. h5 gxh5 41. Rxh5 f4 42. Rxh7 Ke3 43. Re7+ Kd3 44. Rf7 Ke3 45. Re7+ Kf2 46.
Re5 f3 47. Rxd5 Ke1 48. Kb3 Re2 49. c4 bxc4+ 50. Kxc4 f2 51. Rf5 f1=Q 52. Rxf1+
Kxf1 53. Kc5 Ra2 54. Kb4 Ke2 55. d5 Ke3 56. d6 Rd2 57. Kc5 Ke4 58. Kc6 Ke5 59.
d7 Ke6 60. Kb6 Rd6+ 61. Kc7 Rxd7+ 62. Kb6 Rd6+ 63. Ka5 Ke5 64. a4 Kd5 65. Kb4
Kc6 66. a5 Rd4+ 67. Kc3 Ra4 0-1

[Event "DM Hurtigskak Kvinder 2012"]
[Site "Middelfart"]
[Date "2012.09.29"]
[Round "6"]
[White "Pedersen, Lene"]
[Black "Lund, Henriette"]
[Result "0-1"]
[WhiteElo "1100"]
[BlackElo "1000"]
[PlyCount "89"]
[EventDate "2012.??.??"]

1. e4 d6 2. Nf3 Nf6 3. Bd3 g6 4. O-O Bg7 5. Nc3 O-O 6. b3 e5 7. Ba3 Nbd7 8. Nd5
b6 9. Bb5 Bb7 10. d3 Ng4 11. h3 Ngf6 12. Nxf6+ Nxf6 13. c4 c6 14. Ba4 c5 15. b4
Rb8 16. bxc5 bxc5 17. Ng5 h6 18. Nf3 Qe7 19. Rb1 Rfd8 20. Nd2 Nh7 21. f4 exf4
22. Rxf4 Bd4+ 23. Kf1 Rf8 24. Rb5 g5 25. Rf2 Bxf2 26. Kxf2 Qf6+ 27. Kg1 a6 28.
Rb6 Rfd8 29. Qb1 Qe7 30. g4 Nf6 31. Nf3 Qc7 32. h4 Nd7 33. Rb2 f5 34. gxf5 Rf8
35. hxg5 Ne5 36. Nh4 hxg5 37. Ng2 g4 38. Nf4 Qh7 39. d4 Nf3+ 40. Kg2 Qh2+ 41.
Kf1 Qxf4 42. Rxb7 Rxb7 43. Qxb7 Nh2+ 44. Ke2 Qf3+ 45. Kd2 0-1